Nuevo rumbo ambiental (Registro nro. 160903)
[ vista simple ]
| 000 -LEADER | |
|---|---|
| fixed length control field | 01055nam a22002297a 4500 |
| 008 - FIXED-LENGTH DATA ELEMENTS--GENERAL INFORMATION | |
| fixed length control field | 110916s2008 ag ||||s|||| 00| 0 spa d |
| 020 ## - INTERNATIONAL STANDARD BOOK NUMBER | |
| International Standard Book Number | 978-987-507-326-5 |
| 035 ## - | |
| -- | 2335 |
| 040 ## - CATALOGING SOURCE | |
| Original cataloging agency | vLex |
| 090 ## - | |
| -- | 2481 |
| -- | 2481 |
| 245 00 - TITLE STATEMENT | |
| Title | Nuevo rumbo ambiental |
| Medium | [Recurso electrónico] / |
| Statement of responsibility, etc | Leila Devia |
| 256 ## - | |
| -- | Servicio en línea. |
| 260 ## - PUBLICATION, DISTRIBUTION, ETC. (IMPRINT) | |
| Place of publication, distribution, etc | [Buenos Aires] : |
| Name of publisher, distributor, etc | Ediciones Ciudad Argentina, |
| Date of publication, distribution, etc | 2008. |
| 300 ## - PHYSICAL DESCRIPTION | |
| Extent | 1 recurso electrónico |
| 500 ## - GENERAL NOTE | |
| General note | Obra publicada en España por la Editorial Hispania Libros, filial de Ciudad Argentina en Madrid. |
| 506 1# - RESTRICTIONS ON ACCESS NOTE | |
| Terms governing access | Contenido solo disponible en los productos indicados |
| Authorized users | vLex Global |
| -- | vLex Global (Academic Edition, excluding Law Schools) |
| -- | vLex Global (U.S. Academic Edition, Law Schools) |
| -- | vLex Global (U.S. Academic Edition, excluding Law Schools) |
| -- | vLex Global (Academic Edition, Law Schools) |
| 650 04 - SUBJECT ADDED ENTRY--TOPICAL TERM | |
| Topical term or geographic name as entry element | Medio ambiente |
| Geographic subdivision | Argentina |
| 740 0# - | |
| -- | vLex Libros (Servicio en línea) |
| 856 40 - LOCALIZACIÓN Y ACCESO ELECTRÓNICO | |
| Identificador Uniforme del Recurso (URI/URL) | https://app.vlex.com/#/sources/nuevo-rumbo-ambiental-2335 |
| 942 ## - | |
| -- | RAA |
| 999 ## - | |
| -- | 160903 |
| -- | 160903 |
No hay ítems disponibles.